000 00702nam a22002177a 4500
003 UA-OsUOA
001 119051
007 ta
008 20161003b un ||||| |||| 00| 0 ukr d
100 _aХріненко Н.
090 _a81
_bХ93
942 _cSA
040 _aUA-OsUOA
_bukr
_cUA-OsUOA
_dUA-OsUOA
245 _aУрок української мови в системі ноосферної освіти
300 _aС.44-49
955 _a0
041 _aukr
080 _a81
773 0 _w119050
_tУкраїнська мова та література
_dК.
_d2016
_g18
650 7 _a8 Мовознавство. Художня література. Літературознавство
_2UDC
999 _c405377
_d405377